00374nam a2200145Ia 4500003000400000005001700004008004100021040000700062041000800069082002300077100001900100245004800119260004800167365001300215OSt20230608100502.0210423s2005 xx 000 0 und d cAL aeng a658.477223b TAOD aTAORI (Kamal). aDisaster management through panchayati raj. aNew DelhibConcept publishing companyc2005 b900cINR